000 00650nam a22001817a 4500
005 20260224093743.0
008 260224b |||||||| |||| 00| 0 eng d
020 _a9780201483031
050 _aRC268.25
_b.S74 1997
100 _aSteingraber, Sandra.
245 _aLiving downstream :
_ban ecologist looks at cancer and the environment /
_c Sandra Steingraber.
260 _aReading, Mass. :
_bAddison-Wesley Publishing,
_c1997.
300 _a xvi, 357 p. :
_b ill. ;
_c24 cm.
500 _a Includes bibliographical references and index.
650 _aCancer
_x Environmental aspects.
650 _aEnvironmental toxicology
942 _2lcc
_cBK
999 _c60205
_d60205